MDQL
is popping MORE tags! Check the
thread
!
Quizzes
Events
Quiz Creation
Community
Videos
Private Events
Remove Ads
Sign In
Join for FREE
Feedback
Dark Mode
Quiz Categories
Sports
Geography
Music
Movies
Television
Just For Fun
Miscellaneous
History
Literature
Language
Science
Gaming
Entertainment
Religion
Holiday
For Kids
Quiz Lab
Recent
Popular Today
Quiz Kudos Today
Editor Picks
Curator Picks
Quizzes by...
Day
Popularity
Type
Ratings
Length
Year
Community
Subscriptions
Recent Discussions
Orange Saloon
Badges
Playlists
Quests
Create
Leaderboards
Showdown
Live 5
Trivia Bingo
Activity
Puzzle Library
Sporcle Events
Private Events
Virtual Trivia
Globe League
Become a Host
Pub Owners
SporcleCon
Opinionation
Our Games
Videos
Blog
Mobile Apps
Partnerships
Remove Ads and Go Orange
Feedback
Language
Vocabulary
Begins and Ends
Definition
Spanish
French
German
Italian
Chinese
Latin
Translation
Japanese
Language
Vocabulary
Begins and Ends
Definition
Spanish
French
German
Italian
Chinese
Latin
Translation
Japanese
Random Quiz
Search Sporcle
×
Quiz Lab
Quiz Lab
Language
Vocabulary
Select answers by clicking on text or image buttons
Select answers by clicking on text or image buttons
Clickable
Best Score? Go Orange.
Aeneid Vocabulary Stats
Can you pick the Aeneid Vocabulary
By
PompeiusMagnus
6m
35 Questions
69 Plays
69 Plays
69 Plays
Comments
Comments
Give Quiz Kudos
Give Quiz Kudos
-
- Ratings
hide this ad
Forced Order
Answers have to be entered in order
Answers have to be entered in order
Random Order
Randomize order of answers
Randomize order of answers
Replay
Link that replays current quiz
Next Quiz
Link to next quiz in quiz playlist
You Got
0%
They Got
Avg Score
47%
Avg Friend Score
Upgrade to see
Score Distribution
Jump to the score distribution portion of the page
Score
0/35
Timer
06:00
0
Plays Today
% Correct
command or dominion
66.7%
rock
65.2%
to conquer
62.3%
seat
62.3%
now or already
62.3%
to snatch away
59.4%
but yet
58%
wind
56.5%
divine
56.5%
weapon
53.6%
the same
53.6%
tired
53.6%
hither
52.2%
alas
52.2%
to pour out or to shed
52.2%
sail
50.7%
not at all
50.7%
to rise
50.7%
% Correct
escape
50.7%
to burn for or to be eager for
50.7%
divinity or divine will
47.8%
sea or flood
44.9%
breeze
44.9%
wave or water
40.6%
earth or land
36.2%
together
36.2%
to perceive
36.2%
prophet or bard
34.8%
to rush in
31.9%
army or line of battle
31.9%
chance
31.9%
to speak
30.4%
chance or misfortune
27.5%
shore or coast
27.5%
lowest or depths of the underworld
24.6%
Quiz Playlist
Details
Report
Send in Message
Add To Playlist
Clickable:
Select answers by clicking on text or image buttons
Forced Order:
Answers have to be entered in order
Random Order:
Randomize order of answers
Last Updated: Feb 16, 2017
Quiz Scoreboard
CHALLENGE
Sign Up to Join the Scoreboard
Show All
Scores
Hide
Comments
May contain spoilers
Recently Published
Holiday 10x10 Sorting Gallery
by lukepisani3
Holiday
15m
Two Season TV Shows II
by 123Four
Television
10m
Image Sorting: Flags VI
by Barbecue
Geography
2m
More to Explore
Quiz From the Vault
Featured Blog Post
14 Easter Pick-up Lines to Find Eggs With
hide this ad
You Might Also Like...
Tags
Clickable Quiz
Vocabulary Quiz
Aeneid
Today's Top Quizzes in Language
Browse Language
hide this ad
Today's Top Quizzes in Vocabulary
Browse Vocabulary
Top Contributed Quizzes in Language
1
What Word Starts All?
2
1-10 Letter F Words III
3
1-10 Letter G Words III
4
Weisst du, aus welchen Sprachen diese Wörter stammen?
5
1-10 Letter H Words III
6
Harry Potter book 6 chapters: English & Greek
7
Arabic Numerals
8
One Thing in Common: Italy
9
1-10 Letter I Words III
10
Celtic Nations in their Language
Explore More
Trending Topics
Crossword
Kpop
Anime
Harry Potter
Disney
Marvel
NBA
Soccer
Country
WWE
NFL
Puzzle
Song
Pokémon
The Office
hide this ad
More By:
PompeiusMagnus
Quiz
Plays
Rating
Category
Featured
Created
Alexander the Great: Life and Times
1,027
4.00
History
Feb 19, 2014
Latin Colors
923
1.50
Language
Oct 2, 2014
Characters in Ovid's Metamorphoses
905
4.67
Literature
Nov 20, 2014
AP Latin Literary Devices
836
3.00
Literature
Apr 12, 2017
Figure out the Bob Dylan Lyrics
564
4.25
Music
Jan 20, 2013
Go to Creator's Profile
Score Distribution
Quiz Creator Spotlight
PompeiusMagnus
Follow
Send a Message
Quizzes Created
-
Created Quiz Play Count
-
More By This Creator
Popular Quizzes Today
1
Find the US States - No Outlines Minefield
2
Colored Red Africa Blitz
3
Find the 'City' Movie
4
The Countries of the World
5
5x2 Blitz: Bands
6
Find the Countries of Europe - No Outlines Minefield
7
Find the US States
8
US States
More Language Quizzes
Silent Letter Homophone Match
Published
Trending Quizzes
Colored Red Europe Blitz I
Colored Red Africa Blitz II
Colored Red Europe Blitz II
Even More Two Season TV Shows
Colored Red Africa Blitz III
Recently Updated
Odd Team Out - Big 4 Players
pecheneg
Quick Pick: 20 Twenties
pecheneg
March Madness Men's Triple Doubles
pecheneg
How Do You Spell That?
pecheneg
Godzilla Movies
pecheneg
Grab Bag: 4-10 Letters
pecheneg
2024 March Madness Bracket
pecheneg
Famous TV Couples
Peacemaker
Champions League XIs: Real Madrid
pecheneg
Largest US Cities 1790-2010
pecheneg
Trending Topics
Harry Potter
NBA
Kpop
Crossword
Marvel
Anime
Disney
Puzzle
Country
NFL
Soccer
Pokémon
WWE
Song
The Office
Your Account Isn't Verified!
In order to create a playlist on Sporcle, you need to verify the email address you used during registration. Go to your
Sporcle Settings
to finish the process.
Report this User
Report this user for behavior that violates our
Community Guidelines
.
Details:
Send Report
Go to the Sporcle.com Mobile Site →
Comments